El género y nuestros cerebros : (Record no. 209178)
[ view plain ]
| 000 -CABECERA | |
|---|---|
| campo de control de longitud fija | 01070nam a2200301 a 4500 |
| 005 - FECHA Y HORA DE LA ÚLTIMA TRANSACCIÓN | |
| campo de control | 20230308063639.0 |
| 008 - DATOS DE LONGITUD FIJA--INFORMACIÓN GENERAL | |
| campo de control de longitud fija | 230220s2022 sp |||||rb||| 001 0 spa d |
| 020 ## - NÚMERO INTERNACIONAL NORMALIZADO PARA LIBROS | |
| Número Internacional Normalizado del libro | 9788417971496 |
| 040 ## - FUENTE DE CATALOGACIÓN | |
| Agencia de catalogación original | MX-MxUPN |
| Idioma de catalogación | spa |
| Agencia que realiza la transcripción | MX-MxUPN |
| 041 1# - | |
| -- | spa |
| -- | eng |
| 050 14 - | |
| -- | QP360 |
| -- | R56 2022 |
| 100 1# - | |
| -- | Rippon, Gina |
| -- | 48101 |
| 245 13 - MENCIÓN DE TÍTULO | |
| Título | El género y nuestros cerebros : |
| Parte restante del título | la nueva neurociencia que rompe el mito del cerebro femenino |
| 250 ## - MENCIÓN DE EDICIÓN | |
| Mención de edición | Segunda edición. |
| 260 ## - PUBLICACION, DISTRIBUCION, ETC. (PIE DE IMPRENTA) | |
| Lugar de publicación, distribución, etc. | Barcelona : |
| Nombre del editor, distribuidor, etc. | Galaxia Gutenberg, |
| Fecha de publicación, distribución, etc. | 2022 |
| 300 ## - DESCRIPCIÓN FÍSICA | |
| Extensión | 496 páginas |
| 490 0# - | |
| -- | Serie Ensayo |
| 504 ## - | |
| -- | Incluye referencias bibliográficas e índice. |
| 500 ## - NOTA GENERAL | |
| Nota general | Traducción de: The gendered brain. The new neuroscience that shatters the myth of the female brain. |
| 650 #4 - | |
| -- | Neuropsicología |
| -- | 10531 |
| 650 #4 - | |
| -- | Cerebro |
| -- | Fisiología |
| -- | 11155 |
| 650 #4 - | |
| -- | Diferencias sexuales (Psicología) |
| -- | 12814 |
| 650 #4 - | |
| -- | Estereotipos (Psicología social) |
| -- | 12812 |
| 902 ## - ELEMENTOS DE DATOS B LOCAL, LDB (RLIN) | |
| Creó | MarisolLicea/200223 |
| Modificó | Víctor Ruiz/070323 |
| 942 ## - ELEMENTOS DE PUNTO DE ACCESO ADICIONAL (KOHA) | |
| Fuente del sistema de clasificación o colocación | Library of Congress Classification |
| Tipo de ítem Koha | Libro |
| Estado de retiro | Estado de pérdida | Fuente del sistema de clasificación o colocación | Estado dañado | No para préstamo | Código de colección | Localización permanente | Ubicación/localización actual | Ubicación en estantería | Fecha de adquisición | Total de préstamos | Signatura topográfica completa | Código de barras | Fecha visto por última vez | Fecha del último préstamo | Precio válido a partir de | Tipo de ítem Koha | Nota pública | Renovaciones totales | Número de copia |
|---|---|---|---|---|---|---|---|---|---|---|---|---|---|---|---|---|---|---|---|
| Library of Congress Classification | Colección General | Bib. Gregorio Torres Quintero | Bib. Gregorio Torres Quintero | Planta baja | 20/02/2023 | 4 | QP360 R56 2022 | 336260 | 01/11/2024 | 23/10/2024 | 20/02/2023 | Libro | Bibliografía de la Unidad de Igualdad de Género e Inclusión | ||||||
| Library of Congress Classification | Colección General | Bib. Gregorio Torres Quintero | Bib. Gregorio Torres Quintero | Planta baja | 20/02/2023 | 2 | QP360 R56 2022 | 336261 | 13/03/2024 | 22/02/2024 | 20/02/2023 | Libro | Bibliografía de la Unidad de Igualdad de Género e Inclusión | 1 | Ej. 2 |
